00739nam a22002177a 4500003000400000008004100004020001800045082002200063100001700085245009500102260004600197300001800243650002100261650001900282650003000301650002500331700001900356942001200375999001700387952011700404OSt240115b |||||||| |||| 00| 0 eng d a9780865714212 a363.738747bDAU-S aDauncey, Guy aStormy weather :b101 solutions to global climate change /cGuy Dauncey and Patrick Mazza. aCanada :bNew Society Publishers ,c2001. axiv, 271 p. ; aClimatic changes aGlobal warming aGreenhouse gas mitigation aPollution prevention aMazza, Patrick 2ddccBK c20044d20044 00102ddc4070aSOBDbSOBDd2024-01-15fUSDg22.95l0o363.738747 DAU-S1pSD1696r2024-01-15t1w2024-01-15yBK